000 00283nam a22001337a 4500
008 170908b xxu||||| |||| 00| 0 eng d
020 _a9780697246752
041 _aeng
080 _a91
100 _a42
101 _ageo
245 _aEARTH REVEALED
_cMCGEARY.D
942 _2udc
_cBK
999 _c26750
_d26750